ბათუმის შოთა რუსთაველის სახელმწიფო უნივერსიტეტის ბიბლიოთეკა

Анализ и синтез электрических цепей методом структурных чисел (ბიბ.ჩანაწერი № 48029)

000 -LEADER
fixed length control field 00685nam a2200205Ia 4500
001 - CONTROL NUMBER
control field 14909
003 - CONTROL NUMBER IDENTIFIER
control field GE_BSU
008 - FIXED-LENGTH DATA ELEMENTS--GENERAL INFORMATION
fixed length control field 181216s||||||||xx |||||||||||||| ||und||
040 ## - CATALOGING SOURCE
Transcribing agency GE_BSU
080 ## - UNIVERSAL DECIMAL CLASSIFICATION NUMBER
Universal Decimal Classification number 537
100 ## - MAIN ENTRY--PERSONAL NAME
Personal name Беллерт,С. Возницки,Г.
245 ## - TITLE STATEMENT
Title Анализ и синтез электрических цепей методом структурных чисел
245 ## - TITLE STATEMENT
Statement of responsibility, etc. Под.ред.Д.А.Райкова
260 ## - PUBLICATION, DISTRIBUTION, ETC.
Place of publication, distribution, etc. Москва
260 ## - PUBLICATION, DISTRIBUTION, ETC.
Name of publisher, distributor, etc. Мир
260 ## - PUBLICATION, DISTRIBUTION, ETC.
Date of publication, distribution, etc. 1972
300 ## - PHYSICAL DESCRIPTION
Extent 334стр.22см.
653 ## - INDEX TERM--UNCONTROLLED
Uncontrolled term Анализ и синтез электрических цепей методом структурных чисел
942 ## - ADDED ENTRY ELEMENTS (KOHA)
Koha item type წიგნი
ეგზემპლარები
Withdrawn status Lost status Damaged status Not for loan Date acquired Barcode Date last seen Price effective from Koha item type
        2018-12-17 18234 2018-12-17 2018-12-17 წიგნი